000 00302nam a22001217a 4500
041 _aENG
100 _aNair K
245 _aOral Training In Fluency Vocabulary Part 1
260 _aDelhi
_bAdult Faculties Council
_c2012
300 _a64
650 _aCompetitive Exam
856 _uCompetitive Exam ( 36 )
999 _c937
_d937